000 00545nam a2200217Ia 4500
003 OSt
005 20230330153040.0
008 210423s2005 xx 000 0 und d
040 _cAL
041 _aeng
082 _a330 SUNK
_223
100 _aSUNDHARAM (K P M);SUNDHARAM (E N)
_980353
245 _aEconomic analysis
260 _aNew Delhi
_bS Chand & Company Ltd
_c2005
300 _axiii,866
365 _b160
_cINR
650 _aEconomics
_980354
650 _aEconomics
_980354
906 _aanalysis ; Economic
942 _2ddc
_cBK
999 _c155192
_d155192